000 02076cam a22005174i 4500
003 PE-LiUPU
005 20250731173552.0
008 150616s r 000 0 d
020 _a0943575907
035 _a(Sirsi) i9780943575902
040 _aPE-LiUPU
_bspa
_cPE-LiUPU
_erda
049 _aPRUA
082 0 4 _a296.387
_bD37
_221
100 1 _aDearman, John Andrew,
_eautor.
245 1 0 _aReligion and Culture in Ancient Israel /
_cJ. Andrew Dearman.
264 1 _aPeabody, Massachusetts :
_bHendrickson Publishers,
_c1992.
300 _a281 páginas ;
_c24 centímetros
336 _atext
_2rdacontent
337 _aunmediated
_2rdamedia
338 _avolume
_2rdacarrier
504 _aBibliografía: páginas 265-268.
505 0 _aPremonarchic Israel.- Israel as a statewith monarchy.- Israel as a religious community in the exilic an post-exilic periods.- The transformationist vision of deuteronomy.- The pre-exilic prophets and the paradox of israelite culture.- Wisdom and religion as a cultural synthesis.- Religion against cultural imperialism; The rise of apocalypticism and the book of Daniel.
526 _aSEG42
526 _aSEG41
526 _aSEG40
526 _aSEG39
526 _aP94
526 _aP87
526 _aP86
526 _aP85
526 _aP77
526 _aP76
526 _aP35
630 _aBiblia.
_pA.T.
_xCrítica, interpretación, etc.
650 0 4 _aJudaísmo
_xHistoria
_y70 dC.
650 0 4 _aJudios
_xCivilización
_yA 70 d. de JC.
650 0 4 _aPalestina
_xReligión.
650 0 4 _aReligión y cultura
_zPalestina.
910 _ajck
_bjvq
_cjck
942 _2ddc
_cBOOK
949 _a296.387 D37
_wDEWEY
_c1
_i43219
_lCCODEBUL1
_mBUL
_r0
_sY
_tBOOK
_u2015-6-16
_xTEOLOGIA
_zUNKNOWN
_0COMPRA
_o.STAFF. Colección General
994 _aC0
_bPEPRU
596 _a1
999 _a296.387 D37
_wDEWEY
_c61182
_i43219
_d61182
_f2021-11-11
_g5
_lCCODEBUL1
_mBUL
_q1
_r0
_sY
_tBOOK
_u2015-6-16
_xTEOLOGIA
_zUNKNOWN
_0COMPRA
_o.STAFF. Colección General
980 _81
_gALBERTO SANCHEZ Responsable de Automatización